Conventos de monjas (Record no. 1615)
[ view plain ]
| 000 -CABECERA | |
|---|---|
| campo de control de longitud fija | 00803nam a2200229 a 4500 |
| 001 - NÚMERO DE CONTROL | |
| campo de control | BRCA_1834 |
| 005 - FECHA Y HORA DE LA ÚLTIMA TRANSACCIÓN | |
| campo de control | 20190320203553.0 |
| 008 - DATOS DE LONGITUD FIJA--INFORMACIÓN GENERAL | |
| campo de control de longitud fija | 960712s1995 mx-a---##b---#000-0#spa-# |
| 020 ## - NÚMERO INTERNACIONAL ESTÁNDAR DEL LIBRO | |
| Número Internacional Estándar del Libro | 9686815090 |
| 040 ## - FUENTE DE LA CATALOGACIÓN | |
| Centro catalogador/agencia de origen | DLC |
| 050 #4 - SIGNATURA TOPOGRÁFICA DE LA BIBLIOTECA DEL CONGRESO | |
| Número de clasificación | NA5253 |
| Número de documento/Ítem | .A44 1995 |
| 100 1# - ENTRADA PRINCIPAL--NOMBRE DE PERSONA | |
| Nombre de persona | Amerlinck de Corsi, María Concepción |
| 9 (RLIN) | 3618 |
| 245 10 - MENCIÓN DE TÍTULO | |
| Título | Conventos de monjas |
| Resto del título | fundaciones en el México virreinal |
| Mención de responsabilidad, etc. | María Concepción Amerlinck de Corsi, Manuel Ramos Medina. |
| 260 ## - PUBLICACIÓN, DISTRIBUCIÓN, ETC. | |
| Lugar de publicación, distribución, etc. | México |
| Nombre del editor, distribuidor, etc. | Grupo CONDUMEX |
| Fecha de publicación, distribución, etc. | c1995 |
| 300 ## - DESCRIPCIÓN FÍSICA | |
| Extensión | 308 p. |
| Otras características físicas | il. a color |
| Dimensiones | 33 cm. |
| 504 ## - NOTA DE BIBLIOGRAFÍA, ETC. | |
| Nota de bibliografía, etc. | Bibliografía : p. 305-308 |
| 650 14 - PUNTO DE ACCESO ADICIONAL DE MATERIA--TÉRMINO DE MATERIA | |
| Término de materia o nombre geográfico como elemento de entrada | Conventos |
| Subdivisión general | Historia |
| Subdivisión geográfica | México |
| 9 (RLIN) | 2513 |
| 651 #4 - PUNTO DE ACCESO ADICIONAL DE MATERIA--NOMBRE GEOGRÁFICO | |
| Nombre geográfico | México |
| Subdivisión general | Historia |
| Subdivisión cronológica | España Colonial, 1540-1810 |
| 9 (RLIN) | 5701 |
| 651 #4 - PUNTO DE ACCESO ADICIONAL DE MATERIA--NOMBRE GEOGRÁFICO | |
| Nombre geográfico | México |
| Subdivisión general | Iglesia - Historia |
| 9 (RLIN) | 5702 |
| 700 1# - PUNTO DE ACCESO ADICIONAL--NOMBRE DE PERSONA | |
| Nombre de persona | Ramos Medina, Manuel |
| 9 (RLIN) | 5703 |
| 942 ## - ELEMENTOS DE PUNTO DE ACCESO ADICIONAL (KOHA) | |
| Fuente del sistema de clasificación o colocación | Library of Congress Classification |
| Tipo de ítem Koha | Libros |
| Estado de retiro | Estado de pérdida | Estado dañado | No para préstamo | Localización permanente | Ubicación/localización actual | Fecha de adquisición | Total de préstamos | Signatura topográfica completa | Código de barras | Fecha visto por última vez | Precio válido a partir de | Tipo de ítem Koha |
|---|---|---|---|---|---|---|---|---|---|---|---|---|
| El ejemplar forma parte de la colección y puede ser consultado según las políticas vigentes. | Biblioteca del Museo Franz Mayer (Rogerio Casas-Alatriste) | Biblioteca del Museo Franz Mayer (Rogerio Casas-Alatriste) | 30/07/2008 | NA5253 .A44 1995 | 00152 | 22/03/2019 | 22/03/2019 | Libros |